| 000 | 00572nam a2200181 i 4500 | ||
|---|---|---|---|
| 001 | 134963 | ||
| 003 | ES-MaACL | ||
| 005 | 20230906194759.0 | ||
| 007 | t| | ||
| 008 | 070704s1970 sp ||||1| spa d | ||
| 080 | _a92 Thomas, Catherine | ||
| 100 | 1 |
_aThomas, Catherine. _9110001 |
|
| 245 | 1 | 0 |
_aBuscando la paz del alma _b: historia de una vocación moderna / _cCatalina Thomas ; traducción de Eloy Requena. |
| 260 |
_aMadrid : _bStudium, _c[1970] |
||
| 300 |
_a247 p. : _bil. ; _c19 cm. |
||
| 700 | 1 |
_aRequena, Eloy. _996289 |
|
| 852 |
_aES-MaACL _jC-49609 _bR.73990 |
||
| 999 |
_c134963 _d134963 |
||